Dân tộc học đại cương

保存先:
書誌詳細
第一著者: Ngô, Văn Lệ
フォーマット: 図書
言語:Undetermined
出版事項: Thành phố Hồ Chí Minh Trường Đại học Tổng hợp Tp. Hồ Chí Minh 1995
主題:
タグ: タグ追加
タグなし, このレコードへの初めてのタグを付けませんか!
Thư viện lưu trữ: Trung tâm Học liệu Trường Đại học Cần Thơ
LEADER 00609nam a2200181Ia 4500
001 CTU_35627
008 210402s9999 xx 000 0 und d
082 |a 920.0092 
082 |b L250 
100 |a Ngô, Văn Lệ 
245 0 |a Dân tộc học đại cương 
245 0 |c Ngô Văn Lệ, Nguyễn Văn Tiệp 
260 |a Thành phố Hồ Chí Minh 
260 |b Trường Đại học Tổng hợp Tp. Hồ Chí Minh 
260 |c 1995 
650 |a Ethnology 
904 |i Nguyễn Quang Điền, QHieu 
980 |a Trung tâm Học liệu Trường Đại học Cần Thơ